000 00294nam a2200121Ia 4500
005 20251222143306.0
008 251222s9999||||xx |||||||||||||| ||spa||
082 _a823.8/T45F
100 _aThackeray, William Makepeace
245 0 _aLa Feria de las Vanidades
264 _bAlonso
942 _cLIB
999 _c15513
_d15513